Countries Closest to Italy - One Minute Sprint - Statistics

General Stats
  • This quiz has been taken 735 times
  • The average score is 15 of 20
Answer Stats
km country miles % Correct
0 France 0
99%
0 Switzerland 0
92%
0 Vatican City 0
92%
0 Austria 0
90%
0 San Marino 0
90%
0 Slovenia 0
87%
12 Croatia 8
86%
45 Germany 28
86%
8 Monaco 5
78%
78 Greece 49
77%
73 Albania 45
75%
81 Malta 50
74%
153 Bosnia and Herzegovina 95
72%
68 Liechtenstein 43
66%
174 Montenegro 108
64%
71 Tunisia 44
62%
188 Hungary 117
55%
218 Czechia 135
50%
214 Algeria 133
49%
204 North Macedonia 127
42%
No matching quizzes found
Score Distribution
Percent of People with Each Score
Percentile by Number Answered
Your Score History
You have not taken this quiz